[Event "28th CRO-chT Women 2019"]
[Site "Mali Losinj"]
[Date "2019.10.02"]
[Round "6.8"]
[White "Vujnovic, Patricija"]
[Black "Bogdanic, Katarina"]
[Result "1-0"]
[WhiteElo "2052"]
[BlackElo "1899"]
[Annotator "NA"]
[PlyCount "179"]
[EventDate "2019.09.28"]
[EventType "team-tourn"]
[EventCountry "CRO"]
[SourceTitle "playchess.com"]
[Source "ChessBase"]
[SourceQuality "1"]
[TimeControl "40/5400+30:1800+30"]

1. b3 {[%emt 0:02:30]} d5 {[%emt 0:02:30]} 2. Bb2 {[%emt 0:00:30]} Nf6 {[%emt 0:00:30]} 3. e3 {[%emt 0:00:30]} c5 {[%emt 0:01:30]} 4. Nf3 {[%emt 0:00:30]} e6 {[%emt 0:13:30]} 5. Bb5+ {[%emt 0:04:30]} Nbd7 {[%emt 0:00:30]} 6. O-O {[%emt 0:03:30]} Bd6 {[%emt 0:02:30]} 7. d3 {[%emt 0:09:30]} O-O {[%emt 0:07:30]} 8. Nbd2 {[%emt 0:07:30]} e5 {[%emt 0:21:30]} 9. Bxd7 {[%emt 0:03:30]} Nxd7 {[%emt 0:00:30]} 10. e4 {[%emt 0:00:30]} d4 {[%emt 0:01:30]} 11. Nc4 {[%emt 0:00:30]} Qc7 {[%emt 0:02:30]} 12. a4 {[%emt 0:02:30]} Re8 {[%emt 0:04:30]} 13. Qe2 {[%emt 0:07:30]} Nf8 {[%emt 0:00:30]} 14. Nh4 {[%emt 0:02:30]} Be7 {[%emt 0:04:30]} 15. Nf5 {[%emt 0:01:30]} Ng6 {[%emt 0:04:30]} 16. g3 {[%emt 0:01:30]} Bf8 {[%emt 0:02:30]} 17. Bc1 {[%emt 0:08:30]} Be6 {[%emt 0:01:30]} 18. Bd2 {[%emt 0:03:30]} Bxc4 {[%emt 0:04:30]} 19. bxc4 {[%emt 0:00:00]} Ne7 {[%emt 0:00:30]} 20. Nh4 {[%emt 0:06:00]} Qd7 {[%emt 0:02:30]} 21. f4 {[%emt 0:05:30]} exf4 {[%emt 0:04:02]} 22. Bxf4 {[%emt 0:00:30]} Ng6 {[%emt 0:01:24]} 23. Nxg6 {[%emt 0:01:30]} hxg6 {[%emt 0:00:16]} 24. Qf3 {[%emt 0:02:30]} Re6 {[%emt 0:03:36]} 25. Qg4 {[%emt 0:08:26]} Qe8 {[%emt 0:01:20]} 26. a5 {[%emt 0:03:21]} b5 {[%emt 0:01:00]} 27. cxb5 {[%emt 0:00:59]} Qxb5 {[%emt 0:00:08]} 28. Rfb1 {[%emt 0:00:42]} Qc6 {[%emt 0:00:48]} 29. a6 {[%emt 0:03:30]} c4 {[%emt 0:01:45]} 30. Rb7 {[%emt 0:02:48]} cxd3 {[%emt 0:00:54]} 31. cxd3 {[%emt 0:00:18]} Qc3 {[%emt 0:00:56]} 32. Qd1 {[%emt 0:00:49]} Bd6 {[%emt 0:02:46]} 33. Rb3 {[%emt 0:07:09]} Qc8 {[%emt 0:02:12]} 34. Bd2 {[%emt 0:00:37]} Bf8 {[%emt 0:00:27]} 35. Rc1 {[%emt 0:01:07]} Qxa6 {[%emt 0:00:28]} 36. Ra1 {[%emt 0:00:28]} Qc8 {[%emt 0:00:10]} 37. Rc1 {[%emt 0:00:37]} Qa6 {[%emt 0:00:30]} 38. Ra1 {[%emt 0:00:00]} Qc8 {[%emt 0:00:00]} 39. Rc1 {[%emt 0:00:00]} Qa6 {[%emt 0:00:00]} 40. Rc7 {[%emt 0:00:00]} Rb6 {[%emt 0:00:00]} 41. Rxb6 {[%emt 0:20:43]} Qxb6 {[%emt 0:05:48]} 42. Qc2 {[%emt 0:01:39]} Rb8 {[%emt 0:02:30]} 43. Bf4 {[%emt 0:02:47]} Bd6 {[%emt 0:05:30]} 44. Bxd6 {[%emt 0:02:35]} Qxd6 {[%emt 0:00:00]} 45. Rxa7 {[%emt 0:00:28]} Qb6 {[%emt 0:03:00]} 46. Qa2 {[%emt 0:03:16]} Qf6 {[%emt 0:03:38]} 47. Kg2 {[%emt 0:01:59]} Rc8 {[%emt 0:01:07]} 48. Ra8 {[%emt 0:02:05]} Rxa8 {[%emt 0:00:30]} 49. Qxa8+ {[%emt 0:00:00]} Kh7 {[%emt 0:00:00]} 50. Qd5 {[%emt 0:00:21]} Kg8 {[%emt 0:01:53]} 51. e5 {[%emt 0:00:15]} Qb6 {[%emt 0:00:04]} 52. Kf3 {[%emt 0:00:53]} Qb2 {[%emt 0:00:26]} 53. Qd8+ {[%emt 0:01:06]} Kh7 {[%emt 0:00:07]} 54. Qh4+ {[%emt 0:00:00]} Kg8 {[%emt 0:00:06]} 55. Qd8+ {[%emt 0:00:00]} Kh7 {[%emt 0:00:09]} 56. Ke4 {[%emt 0:01:02]} Qe2+ {[%emt 0:03:16]} 57. Kxd4 {[%emt 0:00:13]} Qb2+ {[%emt 0:00:14]} 58. Kd5 {[%emt 0:00:45]} Qb3+ {[%emt 0:00:42]} 59. Ke4 {[%emt 0:00:38]} Qc2 {[%emt 0:02:00]} 60. Qh4+ {[%emt 0:00:07]} Kg8 {[%emt 0:00:00]} 61. Qd8+ {[%emt 0:00:02]} Kh7 {[%emt 0:00:04]} 62. Qd7 {[%emt 0:01:34]} Qe2+ {[%emt 0:02:26]} 63. Kd4 {[%emt 0:00:08]} Qf2+ {[%emt 0:00:53]} 64. Kc4 {[%emt 0:00:47]} Qc2+ {[%emt 0:00:43]} 65. Kd4 {[%emt 0:00:18]} Qf2+ {[%emt 0:00:02]} 66. Kd5 {[%emt 0:00:51]} Qf3+ {[%emt 0:00:11]} 67. Kc4 {[%emt 0:00:20]} Qf2 {[%emt 0:00:10]} 68. d4 {[%emt 0:00:35]} Qa2+ {[%emt 0:00:02]} 69. Kc5 {[%emt 0:00:15]} Qa3+ {[%emt 0:00:11]} 70. Kb6 {[%emt 0:00:54]} Qb4+ {[%emt 0:01:21]} 71. Kc7 {[%emt 0:00:07]} Qa5+ {[%emt 0:00:57]} 72. Kd6 {[%emt 0:00:08]} Qb4+ {[%emt 0:00:12]} 73. Kc6 {[%emt 0:00:43]} Qa4+ {[%emt 0:00:06]} 74. Kc7 {[%emt 0:00:08]} Qa5+ {[%emt 0:00:10]} 75. Kd6 {[%emt 0:00:41]} Qb4+ {[%emt 0:00:03]} 76. Kd5 {[%emt 0:00:05]} Qb3+ {[%emt 0:00:09]} 77. Ke4 {[%emt 0:00:20]} Qc2+ {[%emt 0:00:11]} 78. Ke3 {[%emt 0:01:00]} Qc3+ {[%emt 0:00:11]} 79. Kf4 {[%emt 0:00:42]} Qd2+ {[%emt 0:00:26]} 80. Ke4 {[%emt 0:00:24]} Qc2+ {[%emt 0:00:07]} 81. Kd5 {[%emt 0:00:08]} Qb3+ {[%emt 0:00:08]} 82. Kc5 {[%emt 0:00:52]} Qa3+ {[%emt 0:01:12]} 83. Kb6 {[%emt 0:00:43]} Qb4+ {[%emt 0:00:14]} 84. Kc7 {[%emt 0:00:31]} Qa5+ {[%emt 0:00:08]} 85. Kb8 {[%emt 0:00:18]} Qb4+ {[%emt 0:02:00]} 86. Kc8 {[%emt 0:00:18]} Qf8+ {[%emt 0:01:15]} 87. Kc7 {[%emt 0:00:36]} Qa8 {[%emt 0:00:14]} 88. Qh3+ {[%emt 0:00:20]} Kg8 {[%emt 0:00:09]} 89. Qc8+ {[%emt 0:00:04]} Qxc8+ {[%emt 0:00:03]} 90. Kxc8 {[%emt 0:00:03]} 1-0

[Event "28th CRO-chT Women 2019"]
[Site "Mali Losinj"]
[Date "2019.10.03"]
[Round "7.1"]
[White "Repkova, Eva"]
[Black "Eric, Jovana"]
[Result "1-0"]
[WhiteElo "2315"]
[BlackElo "2285"]
[Annotator "TA"]
[PlyCount "71"]
[EventDate "2019.09.28"]
[EventType "team-tourn"]
[EventCountry "CRO"]
[SourceTitle "playchess.com"]
[Source "ChessBase"]
[SourceQuality "1"]

{[%evp 14,71,20,10,26,13,29,27,38,27,38,35,43,40,29,4,4,9,8,8,10,6,0,0,6,11,56,64,74,74,108,111,167,158,179,174,200,201,194,120,239,216,243,235,216,218,287,286,285,280,29987,29988,29988,29989,29989,29990,29994,29995,29995,29996]} 1. e4 c5 2. Nf3 d6 3. d4 cxd4 4. Nxd4 Nf6 5. Nc3 a6 6. g3 e5 7. Nde2 Be6 8. Bg2 h5 {B91: Sicilian Najdorf: 6 g3} 9. h3 Nbd7 (9... b5 10. Bd2 Be7 11. a4 b4 12. Nd5 Bxd5 13. exd5 a5 14. c3 Na6 15. O-O {½-½ (45) Fedoseev,V (2671)-Matlakov,M (2710) Izhevsk 2019}) 10. a4 Rc8 {White has an edge.} 11. Bg5 Qc7 12. O-O Be7 13. Qd2 Bc4 $146 ({Predecessor:} 13... O-O 14. a5 Rfd8 15. Rfd1 {1-0 (29) Zawadzka,J (2430)-Majdan,J (2391) Wroclaw 2015}) 14. b3 Bxe2 $1 15. Nxe2 Nc5 16. Bxf6 Bxf6 17. Rab1 Ne6 18. c4 h4 19. Nc3 hxg3 20. fxg3 Qc5+ 21. Kh2 Bg5 22. Qd1 Rc7 (22... O-O $16 {was necessary.}) 23. Nd5 $18 Rd7 24. h4 Qd4 25. Qg4 Bd8 26. Bh3 ({White should play} 26. Qe2 $18) 26... Rh6 (26... Qd2+ $16 {was worth a try.} 27. Kh1 Qh6) 27. Qf3 Kf8 28. Rf2 Kg8 29. Rbf1 Qc5 30. Bxe6 Rxe6 31. Qg4 Qd4 $2 {[#]} (31... Qc6 $18 32. Rf5 b6) 32. Rxf7 $1 {[%mdl 576] Remove Defender. White mates.} Rxf7 33. Qxe6 {[%mdl 64] Double Attack} Qd2+ {[#]} 34. Kh3 $1 Bf6 35. Nxf6+ gxf6 36. Rxf6 {Accuracy: White = 77%, Black = 39%.} 1-0

[Event "28th CRO-chT Women 2019"]
[Site "Mali Losinj"]
[Date "2019.10.03"]
[Round "7.2"]
[White "Sulc, Gordana"]
[Black "Medic, Mirjana"]
[Result "1/2-1/2"]
[WhiteElo "1882"]
[BlackElo "2163"]
[Annotator "NA"]
[PlyCount "119"]
[EventDate "2019.09.28"]
[EventType "team-tourn"]
[EventCountry "CRO"]
[SourceTitle "playchess.com"]
[Source "ChessBase"]
[SourceQuality "1"]
[TimeControl "40/5400+30:1800+30"]

1. e4 {[%emt 0:00:30]} e6 {[%emt 0:00:30]} 2. d4 {[%emt 0:00:00]} d5 {[%emt 0:00:00]} 3. Nd2 {[%emt 0:00:00]} Nf6 {[%emt 0:00:00]} 4. e5 {[%emt 0:00:00]} Nfd7 {[%emt 0:00:30]} 5. Bd3 {[%emt 0:00:00]} c5 {[%emt 0:00:00]} 6. c3 {[%emt 0:00:30]} Nc6 {[%emt 0:00:00]} 7. Ne2 {[%emt 0:00:00]} Qb6 {[%emt 0:00:30]} 8. Nf3 {[%emt 0:00:00]} cxd4 {[%emt 0:00:30]} 9. cxd4 {[%emt 0:00:30]} Bb4+ {[%emt 0:01:30]} 10. Bd2 {[%emt 0:00:30]} f6 {[%emt 0:00:30]} 11. exf6 {[%emt 0:03:30]} Nxf6 {[%emt 0:00:00]} 12. O-O {[%emt 0:00:30]} O-O {[%emt 0:01:00]} 13. Bc3 {[%emt 0:11:30]} Bxc3 {[%emt 0:10:30]} 14. bxc3 {[%emt 0:00:30]} Qc7 {[%emt 0:00:30]} 15. Qc2 {[%emt 0:14:30]} e5 {[%emt 0:08:30]} 16. dxe5 {[%emt 0:06:30]} Nxe5 {[%emt 0:00:30]} 17. Nxe5 {[%emt 0:00:00]} Qxe5 {[%emt 0:00:30]} 18. Rae1 {[%emt 0:06:00]} Qd6 {[%emt 0:04:30]} 19. Rb1 {[%emt 0:03:30]} b6 {[%emt 0:00:30]} 20. Rb4 {[%emt 0:01:30]} Bd7 {[%emt 0:03:30]} 21. Rh4 {[%emt 0:00:30]} h6 {[%emt 0:03:30]} 22. Ng3 {[%emt 0:06:30]} Rac8 {[%emt 0:03:30]} 23. Ba6 {[%emt 0:04:30]} Rc7 {[%emt 0:04:30]} 24. Qd3 {[%emt 0:02:30]} Qe5 {[%emt 0:01:30]} 25. Rd4 {[%emt 0:01:30]} Rc5 {[%emt 0:05:30]} 26. c4 {[%emt 0:03:30]} Ra5 {[%emt 0:01:30]} 27. Bb7 {[%emt 0:01:30]} dxc4 {[%emt 0:00:00]} 28. Qxc4+ {[%emt 0:09:30]} Be6 {[%emt 0:00:00]} 29. Qd3 {[%emt 0:00:30]} Bxa2 {[%emt 0:05:30]} 30. Rd1 {[%emt 0:06:15]} Qc7 {[%emt 0:02:30]} 31. Bf3 {[%emt 0:02:20]} Rc5 {[%emt 0:11:30]} 32. Ne4 {[%emt 0:04:44]} Nxe4 {[%emt 0:00:00]} 33. Rd7 {[%emt 0:01:38]} Nxf2 {[%emt 0:02:00]} 34. Qd4 {[%emt 0:03:50]} Nh3+ {[%emt 0:02:30]} 35. gxh3 {[%emt 0:03:22]} Rg5+ {[%emt 0:01:30]} 36. Bg2 {[%emt 0:02:19]} Qc2 {[%emt 0:04:30]} 37. Rd2 {[%emt 0:01:15]} Qf5 {[%emt 0:00:30]} 38. Rd1 {[%emt 0:01:44]} b5 {[%emt 0:02:30]} 39. Rxa7 {[%emt 0:00:52]} Bc4 {[%emt 0:00:30]} 40. Raa1 {[%emt 0:00:00]} Qxh3 {[%emt 0:00:00]} 41. Qe4 {[%emt 0:05:41]} Qh5 {[%emt 0:10:00]} 42. Kh1 {[%emt 0:00:30]} Rg4 {[%emt 0:08:30]} 43. Qb7 {[%emt 0:01:30]} Rgf4 {[%emt 0:02:30]} 44. Rg1 {[%emt 0:02:30]} R4f7 {[%emt 0:04:30]} 45. Qc6 {[%emt 0:01:30]} Rd8 {[%emt 0:01:30]} 46. Ra8 {[%emt 0:01:30]} Rxa8 {[%emt 0:01:30]} 47. Qxa8+ {[%emt 0:00:30]} Rf8 {[%emt 0:00:00]} 48. Qb7 {[%emt 0:00:30]} Qf7 {[%emt 0:00:00]} 49. Qc6 {[%emt 0:02:15]} Rd8 {[%emt 0:00:30]} 50. Re1 {[%emt 0:01:58]} Bd5 {[%emt 0:01:30]} 51. Qxb5 {[%emt 0:03:51]} Bxg2+ {[%emt 0:00:30]} 52. Kxg2 {[%emt 0:00:17]} Rd2+ {[%emt 0:03:30]} 53. Re2 {[%emt 0:00:49]} Qg6+ {[%emt 0:00:30]} 54. Kf2 {[%emt 0:01:43]} Rxe2+ {[%emt 0:00:30]} 55. Qxe2 {[%emt 0:00:11]} Qf5+ {[%emt 0:00:00]} 56. Kg3 {[%emt 0:01:36]} Kh7 {[%emt 0:00:00]} 57. h4 {[%emt 0:00:33]} Qg6+ {[%emt 0:00:30]} 58. Kh3 {[%emt 0:01:34]} Qf7 {[%emt 0:01:30]} 59. h5 {[%emt 0:02:52]} Qf5+ {[%emt 0:00:30]} 60. Kh4 {[%emt 0:00:23]} 1/2-1/2

[Event "28th CRO-chT Women 2019"]
[Site "Mali Losinj"]
[Date "2019.10.03"]
[Round "7.3"]
[White "Roklicer, Heike"]
[Black "Mican, Karmela"]
[Result "1-0"]
[WhiteElo "2032"]
[BlackElo "1885"]
[Annotator "NA"]
[PlyCount "111"]
[EventDate "2019.09.28"]
[EventType "team-tourn"]
[EventCountry "CRO"]
[SourceTitle "playchess.com"]
[Source "ChessBase"]
[SourceQuality "1"]
[TimeControl "40/5400+30:1800+30"]

1. d4 {[%emt 0:02:30]} d5 {[%emt 0:00:30]} 2. c4 {[%emt 0:00:30]} e6 {[%emt 0:00:00]} 3. Nc3 {[%emt 0:00:00]} Nf6 {[%emt 0:00:00]} 4. Nf3 {[%emt 0:00:00]} Be7 {[%emt 0:00:00]} 5. g3 {[%emt 0:00:30]} O-O {[%emt 0:00:00]} 6. Bg2 {[%emt 0:00:00]} b6 {[%emt 0:02:30]} 7. O-O {[%emt 0:00:00]} Bb7 {[%emt 0:00:00]} 8. Ne5 {[%emt 0:00:30]} Nbd7 {[%emt 0:06:00]} 9. cxd5 {[%emt 0:00:30]} exd5 {[%emt 0:00:30]} 10. Qa4 {[%emt 0:09:30]} Nb8 {[%emt 0:15:30]} 11. b4 {[%emt 0:19:30]} Ne4 {[%emt 0:08:30]} 12. Nxe4 {[%emt 0:10:30]} dxe4 {[%emt 0:00:30]} 13. Bb2 {[%emt 0:21:30]} Bd5 {[%emt 0:07:30]} 14. Ng4 {[%emt 0:11:30]} Bg5 {[%emt 0:10:30]} 15. h4 {[%emt 0:05:22]} f5 {[%emt 0:01:30]} 16. Ne5 {[%emt 0:03:01]} Be7 {[%emt 0:05:30]} 17. e3 {[%emt 0:00:30]} Bd6 {[%emt 0:01:30]} 18. Rfc1 {[%emt 0:02:49]} a6 {[%emt 0:05:30]} 19. a3 {[%emt 0:00:55]} b5 {[%emt 0:01:30]} 20. Qc2 {[%emt 0:00:07]} Qe7 {[%emt 0:02:30]} 21. Nd3 {[%emt 0:02:39]} Nd7 {[%emt 0:03:30]} 22. Nc5 {[%emt 0:00:51]} Nf6 {[%emt 0:00:30]} 23. Bh3 {[%emt 0:04:25]} Ng4 {[%emt 0:01:30]} 24. Qe2 {[%emt 0:01:10]} h5 {[%emt 0:00:30]} 25. a4 {[%emt 0:02:26]} g5 {[%emt 0:00:30]} 26. Bxg4 {[%emt 0:00:58]} hxg4 {[%emt 0:00:30]} 27. Kg2 {[%emt 0:00:42]} gxh4 {[%emt 0:04:30]} 28. Rh1 {[%emt 0:00:01]} h3+ {[%emt 0:00:00]} 29. Kh2 {[%emt 0:00:07]} Qg5 {[%emt 0:02:00]} 30. Nd7 {[%emt 0:01:09]} bxa4 {[%emt 0:02:55]} 31. Ne5 {[%emt 0:00:39]} Bxb4 {[%emt 0:01:18]} 32. Rxa4 {[%emt 0:00:09]} a5 {[%emt 0:01:03]} 33. Rc1 {[%emt 0:00:52]} Bb3 {[%emt 0:01:35]} 34. Raa1 {[%emt 0:00:01]} Bd6 {[%emt 0:01:48]} 35. Ba3 {[%emt 0:01:02]} Rfe8 {[%emt 0:08:56]} 36. Qb5 {[%emt 0:00:29]} a4 {[%emt 0:03:00]} 37. Rc6 {[%emt 0:00:30]} Bxe5 {[%emt 0:02:01]} 38. dxe5 {[%emt 0:00:02]} Qg7 {[%emt 0:01:13]} 39. Bb2 {[%emt 0:00:48]} Kh7 {[%emt 0:01:34]} 40. Bd4 {[%emt 0:00:00]} Reb8 {[%emt 0:00:00]} 41. Qc5 {[%emt 0:04:46]} Rc8 {[%emt 0:15:43]} 42. e6 {[%emt 0:02:30]} Qg5 {[%emt 0:09:56]} 43. e7 {[%emt 0:06:21]} Bf7 {[%emt 0:01:35]} 44. Rf6 {[%emt 0:02:02]} Bg6 {[%emt 0:01:21]} 45. Qe5 {[%emt 0:01:11]} Rg8 {[%emt 0:01:55]} 46. Rf8 {[%emt 0:00:57]} Re8 {[%emt 0:01:15]} 47. Rxg8 {[%emt 0:07:04]} Rxg8 {[%emt 0:00:22]} 48. Rxa4 {[%emt 0:00:19]} Be8 {[%emt 0:01:10]} 49. Ra6 {[%emt 0:02:49]} c6 {[%emt 0:00:39]} 50. Ra8 {[%emt 0:01:19]} Qg6 {[%emt 0:01:13]} 51. Rd8 {[%emt 0:02:15]} Qf7 {[%emt 0:00:53]} 52. Rd6 {[%emt 0:01:19]} Qg7 {[%emt 0:00:34]} 53. Qxf5+ {[%emt 0:00:25]} Bg6 {[%emt 0:00:14]} 54. Bxg7 {[%emt 0:02:54]} Bxf5 {[%emt 0:00:16]} 55. Bf8 {[%emt 0:00:03]} Bg6 {[%emt 0:00:56]} 56. e8=Q {[%emt 0:00:08]} 1-0

[Event "28th CRO-chT Women 2019"]
[Site "Mali Losinj"]
[Date "2019.10.03"]
[Round "7.4"]
[White "Ascic, Josipa"]
[Black "Dejanovic, Tereza"]
[Result "0-1"]
[WhiteElo "1692"]
[BlackElo "1811"]
[Annotator "NA"]
[PlyCount "76"]
[EventDate "2019.09.28"]
[EventType "team-tourn"]
[EventCountry "CRO"]
[SourceTitle "playchess.com"]
[Source "ChessBase"]
[SourceQuality "1"]
[TimeControl "40/5400+30:1800+30"]

1. e4 {[%emt 0:00:30]} c5 {[%emt 0:00:30]} 2. Nf3 {[%emt 0:00:30]} d6 {[%emt 0:00:00]} 3. d4 {[%emt 0:00:00]} cxd4 {[%emt 0:00:00]} 4. Nxd4 {[%emt 0:00:00]} Nf6 {[%emt 0:00:00]} 5. Nc3 {[%emt 0:00:30]} a6 {[%emt 0:00:00]} 6. Be2 {[%emt 0:00:00]} e6 {[%emt 0:00:30]} 7. O-O {[%emt 0:00:00]} Be7 {[%emt 0:01:30]} 8. Kh1 {[%emt 0:01:30]} b5 {[%emt 0:04:30]} 9. a3 {[%emt 0:00:30]} Bb7 {[%emt 0:00:30]} 10. Qd3 {[%emt 0:01:30]} O-O {[%emt 0:01:30]} 11. f4 {[%emt 0:01:30]} Nbd7 {[%emt 0:01:30]} 12. Bf3 {[%emt 0:01:30]} Nc5 {[%emt 0:03:30]} 13. Qe2 {[%emt 0:00:30]} Qc7 {[%emt 0:03:30]} 14. Bd2 {[%emt 0:07:30]} Rfd8 {[%emt 0:04:30]} 15. Rac1 {[%emt 0:03:30]} Rab8 {[%emt 0:07:30]} 16. b4 {[%emt 0:05:30]} Ncd7 {[%emt 0:03:30]} 17. Nb3 {[%emt 0:01:30]} Nb6 {[%emt 0:02:30]} 18. Na5 {[%emt 0:04:30]} Ba8 {[%emt 0:02:30]} 19. Qf2 {[%emt 0:09:30]} Nfd7 {[%emt 0:09:30]} 20. Rfd1 {[%emt 0:07:30]} Bf6 {[%emt 0:00:30]} 21. e5 {[%emt 0:07:30]} dxe5 {[%emt 0:02:30]} 22. Ne4 {[%emt 0:02:30]} exf4 {[%emt 0:14:30]} 23. Nxf6+ {[%emt 0:00:30]} Nxf6 {[%emt 0:00:30]} 24. Bxa8 {[%emt 0:00:30]} Nxa8 {[%emt 0:02:30]} 25. Bxf4 {[%emt 0:05:30]} e5 {[%emt 0:01:30]} 26. Bxe5 {[%emt 0:04:30]} Qxe5 {[%emt 0:07:30]} 27. Nc6 {[%emt 0:00:30]} Rxd1+ {[%emt 0:00:30]} 28. Rxd1 {[%emt 0:00:30]} Qh5 {[%emt 0:00:30]} 29. Qd4 {[%emt 0:02:30]} Re8 {[%emt 0:02:30]} 30. Rf1 {[%emt 0:06:30]} Nc7 {[%emt 0:02:30]} 31. c4 {[%emt 0:02:30]} bxc4 {[%emt 0:02:30]} 32. Qxc4 {[%emt 0:00:30]} Qb5 {[%emt 0:00:30]} 33. Qxb5 {[%emt 0:01:30]} axb5 {[%emt 0:00:30]} 34. Kg1 {[%emt 0:00:30]} h6 {[%emt 0:00:41]} 35. Nd4 {[%emt 0:00:30]} Ra8 {[%emt 0:00:59]} 36. Rc1 {[%emt 0:00:30]} Nfd5 {[%emt 0:00:32]} 37. Nxb5 {[%emt 0:00:30]} Nxb5 {[%emt 0:00:14]} 38. Rc5 {[%emt 0:00:30]} Ndc3 {[%emt 0:00:21]} 0-1

[Event "28th CRO-chT Women 2019"]
[Site "Mali Losinj"]
[Date "2019.10.03"]
[Round "7.6"]
[White "Djukic, Sandra"]
[Black "Starcevic, Andrea"]
[Result "1-0"]
[WhiteElo "2179"]
[BlackElo "1888"]
[Annotator "NA"]
[PlyCount "125"]
[EventDate "2019.09.28"]
[EventType "team-tourn"]
[EventCountry "CRO"]
[SourceTitle "playchess.com"]
[Source "ChessBase"]
[SourceQuality "1"]
[TimeControl "40/5400+30:1800+30"]

1. d4 {[%emt 0:06:30]} d5 {[%emt 0:00:30]} 2. c4 {[%emt 0:00:30]} e6 {[%emt 0:00:00]} 3. Nf3 {[%emt 0:00:30]} Nf6 {[%emt 0:00:00]} 4. Nc3 {[%emt 0:00:30]} Be7 {[%emt 0:03:30]} 5. Bf4 {[%emt 0:02:30]} a6 {[%emt 0:03:30]} 6. e3 {[%emt 0:00:30]} Nbd7 {[%emt 0:01:30]} 7. h3 {[%emt 0:00:30]} c5 {[%emt 0:01:30]} 8. cxd5 {[%emt 0:23:30]} exd5 {[%emt 0:00:30]} 9. Bd3 {[%emt 0:00:30]} O-O {[%emt 0:04:30]} 10. O-O {[%emt 0:06:30]} Re8 {[%emt 0:09:30]} 11. Rc1 {[%emt 0:06:30]} c4 {[%emt 0:18:30]} 12. Bb1 {[%emt 0:00:30]} Nf8 {[%emt 0:00:30]} 13. Ne5 {[%emt 0:03:30]} Ng6 {[%emt 0:06:30]} 14. Bg3 {[%emt 0:02:30]} b5 {[%emt 0:06:30]} 15. Nc6 {[%emt 0:13:30]} Qb6 {[%emt 0:00:30]} 16. Nxe7+ {[%emt 0:00:30]} Rxe7 {[%emt 0:00:30]} 17. Re1 {[%emt 0:10:50]} Bb7 {[%emt 0:04:30]} 18. b3 {[%emt 0:05:01]} Rd8 {[%emt 0:08:30]} 19. f3 {[%emt 0:05:31]} Rde8 {[%emt 0:07:30]} 20. Bf2 {[%emt 0:00:14]} Qd6 {[%emt 0:02:12]} 21. bxc4 {[%emt 0:00:32]} dxc4 {[%emt 0:03:02]} 22. Bxg6 {[%emt 0:05:17]} hxg6 {[%emt 0:00:23]} 23. e4 {[%emt 0:00:03]} Qf4 {[%emt 0:03:14]} 24. Rb1 {[%emt 0:02:49]} Qc7 {[%emt 0:05:40]} 25. a4 {[%emt 0:00:15]} Qa5 {[%emt 0:00:23]} 26. Qc1 {[%emt 0:01:46]} b4 {[%emt 0:00:54]} 27. Na2 {[%emt 0:00:52]} b3 {[%emt 0:02:17]} 28. Nc3 {[%emt 0:00:03]} Rc7 {[%emt 0:00:52]} 29. Rd1 {[%emt 0:01:24]} Nd7 {[%emt 0:02:40]} 30. Be1 {[%emt 0:00:46]} Qb6 {[%emt 0:01:02]} 31. Kh1 {[%emt 0:00:02]} Qf6 {[%emt 0:01:07]} 32. Bg3 {[%emt 0:00:16]} Rcc8 {[%emt 0:00:37]} 33. a5 {[%emt 0:00:34]} Qd8 {[%emt 0:01:09]} 34. Ra1 {[%emt 0:01:00]} Nb8 {[%emt 0:00:52]} 35. d5 {[%emt 0:00:41]} Nd7 {[%emt 0:00:28]} 36. Rd4 {[%emt 0:00:16]} Ne5 {[%emt 0:01:07]} 37. Bxe5 {[%emt 0:00:07]} Rxe5 {[%emt 0:00:04]} 38. f4 {[%emt 0:00:37]} Rh5 {[%emt 0:01:00]} 39. Qe3 {[%emt 0:00:40]} g5 {[%emt 0:00:48]} 40. Qf3 {[%emt 0:00:00]} Rh6 {[%emt 0:00:00]} 41. e5 {[%emt 0:07:54]} Rc5 {[%emt 0:15:01]} 42. fxg5 {[%emt 0:04:32]} Qxg5 {[%emt 0:00:29]} 43. Rf1 {[%emt 0:03:01]} Rc7 {[%emt 0:05:29]} 44. Qf4 {[%emt 0:16:31]} Rg6 {[%emt 0:04:33]} 45. g4 {[%emt 0:00:07]} Qh4 {[%emt 0:02:52]} 46. Kh2 {[%emt 0:00:13]} Rh6 {[%emt 0:00:52]} 47. Qg3 {[%emt 0:00:21]} Qd8 {[%emt 0:01:14]} 48. d6 {[%emt 0:01:56]} Rc5 {[%emt 0:01:32]} 49. Qf4 {[%emt 0:00:14]} Qd7 {[%emt 0:00:26]} 50. Rxc4 {[%emt 0:00:59]} Rxa5 {[%emt 0:00:59]} 51. Rc7 {[%emt 0:00:12]} Qe8 {[%emt 0:02:41]} 52. Rxb7 {[%emt 0:00:07]} Rxe5 {[%emt 0:00:41]} 53. Qxf7+ {[%emt 0:01:02]} Qxf7 {[%emt 0:00:06]} 54. Rfxf7 {[%emt 0:00:40]} Re3 {[%emt 0:00:20]} 55. Rxg7+ {[%emt 0:00:23]} Kh8 {[%emt 0:00:09]} 56. Ne4 {[%emt 0:00:33]} Rxe4 {[%emt 0:00:18]} 57. Rge7 {[%emt 0:00:29]} Rxe7 {[%emt 0:01:23]} 58. dxe7 {[%emt 0:00:05]} Re6 {[%emt 0:00:19]} 59. Rb8+ {[%emt 0:00:12]} Kg7 {[%emt 0:00:00]} 60. e8=Q {[%emt 0:00:00]} Rxe8 {[%emt 0:00:00]} 61. Rxe8 {[%emt 0:00:16]} a5 {[%emt 0:00:11]} 62. Rb8 {[%emt 0:00:30]} a4 {[%emt 0:00:30]} 63. Rb4 {[%emt 0:00:30]} 1-0